| 000 | 00749nam a2200217 i 4500 | ||
|---|---|---|---|
| 001 | 51281 | ||
| 003 | ES-MaACL | ||
| 005 | 20240524062949.0 | ||
| 007 | t| | ||
| 008 | 030812s1957 sp ||||1| spa d | ||
| 100 | 0 |
_aChesterton, G. K., _d1874-1936 _938399 |
|
| 245 | 1 | 3 |
_aEl candor del Padre Brown / _cG.K. Chesterton ; traducción de Alfonso Reyes ; nota premilinar de F.S.R. |
| 260 |
_aMadrid : _bAguilar, _c1957 ( _fCometip) |
||
| 300 |
_a461 p. : _b1 retr. aut. ; _c12 cm. |
||
| 490 | 1 |
_aCrisol ; _v302 |
|
| 700 | 1 |
_aReyes, Alfonso, _d1889-1959 _996554 |
|
| 700 | 1 |
_aSainz de Robles, Federico Carlos, _d1898-1982 _9101593 |
|
| 830 | 0 |
_aCrisol ; _v302 _9180848 |
|
| 852 |
_aES-MaACL _jD-8526 _bR.41033 |
||
| 999 |
_c51281 _d51281 |
||